Η Ανάπτυξη των Παιδιών / Η Αρχή της Ζωής: Εγκυμοσύνη, Τοκετός, Βρεφική Ηλικία: Α' Τόμος (Record no. 2402)
[ view plain ]
| 000 -LEADER | |
|---|---|
| fixed length control field | 02694cam a22002414a 4500 |
| 005 - ΗΜΕΡΟΜΗΝΙΑ ΚΑΙ ΩΡΑ ΤΕΛΕΥΤΑΙΑΣ ΕΝΗΜΕΡΩΣΗΣ | |
| Πεδίο ελέγχου | 20250605164040.0 |
| 008 - FIXED-LENGTH DATA ELEMENTS--GENERAL INFORMATION | |
| Πεδίο ελέγχου σταθερού μήκους | 250528s ||||||||||||||||||||||||d |
| 035 ## - SYSTEM CONTROL NUMBER | |
| System control number | 16959 |
| 020 ## - ISBN | |
| ISBN | 960804149 |
| 040 ## - ΠΗΓΗ ΚΑΤΑΛΟΓΟΓΡΑΦΗΣΗΣ | |
| Φορέας πρωτότυπης καταλογογράφησης | MC Athens Campus Library |
| Γλώσσα καταλογογράφησης | Ελληνικά, Μοντέρνα (1453-) |
| Modifying agency | MC Athens Campus Library |
| Κανόνες περιγραφικής καταλογογράφησης | AACR2 |
| 245 1# - ΤΙΤΛΟΣ ΚΑΙ ΔΗΛΩΣΗ ΥΠΕΥΘΥΝΟΤΗΤΑΣ | |
| Τίτλος | Η Ανάπτυξη των Παιδιών / Η Αρχή της Ζωής: Εγκυμοσύνη, Τοκετός, Βρεφική Ηλικία: Α' Τόμος |
| 250 ## - EDITION STATEMENT | |
| Edition statement | 1η |
| 260 ## - PUBLICATION, DISTRIBUTION, ETC. | |
| Name of publisher, distributor, etc. | Τυπωθήτω, |
| Date of publication, distribution, etc. | 2002 |
| 300 ## - PHYSICAL DESCRIPTION | |
| Extent | 538 |
| 520 ## - SUMMARY, ETC. | |
| Summary, etc. | Η ανάπτυξη είναι μια διεργασία που εμπλέκει το παιδί σε ένα δυναμικά μεταλλασσόμενο πλαίσιο. Πρόλογος, Η Μελέτη της Ανθρώπινης Ανάπτυξης, Η Κληρονομιά του Itard, Τα Κρίσιμα Ερωτήματα της Αναπτυξιακής Ψυχολογίας, Η Ανθρώπινη Κληρονομιά: Γονίδια και Περιβάλλον, Οι Νόμοι της Κληρονομικότητας, Μεταλλάξεις και Γενετικές Ανωμαλίες, Βιολογία και Πολιτισμικό Περιβάλλον, Προγεννητική Ανάπτυξη και Γέννηση, Η Πρώτη Βιο-Κοινωνικό-Συμπεριφοριστική Μεταστροφή, Η Κατάσταση του Νεογέννητου, Η Απαρχή της Σχέσης Γονέα-Παιδιού, Πρώτη Βρεφική Ηλικία: Οι Αρχικές Ικανότητες και η Διεργασία της Αλλαγής, Μηχανισμοί Αναπτυξιακής Αλλαγής, Συντονίζοντας τις Ξεχωριστές Πορείες της Ανάπτυξης, Τα Επιτεύγματα του Πρώτου Χρόνου, Βιολογικές Αλλαγές, Γνωστικές Αλλαγές, Το Τέλος της Βρεφικής Ηλικίας, Βιολογική Ωρίμανση, Ένας Νέος Τρόπος Σκέψης, Μια Νέα Αίσθηση του Εαυτού, Οι Πρώτες Εμπειρίες και Οι Επιπτώσεις στη Μετέπειτα Ζωή, Οι Επιδράσεις του Αποχωρισμόυ, Το Ευάλωτο και η Ανθεκτικότητα, Ανάκαμψη από την Αποστέρηση, Βιβλιογραφία, Γλωσσάρι, Ευρετήριο Ονομάτων και Φωτογραφιών. |
| 700 1# - ΠΡΟΣΘΕΤΗ ΑΝΑΓΡΑΦΗ--ΦΥΣΙΚΟ ΠΡΟΣΩΠΟ | |
| Personal name | Cole Michael |
| 9 (RLIN) | 3056 |
| 700 1# - ΠΡΟΣΘΕΤΗ ΑΝΑΓΡΑΦΗ--ΦΥΣΙΚΟ ΠΡΟΣΩΠΟ | |
| Personal name | Cole Sheila R |
| 9 (RLIN) | 3057 |
| 700 1# - ΠΡΟΣΘΕΤΗ ΑΝΑΓΡΑΦΗ--ΦΥΣΙΚΟ ΠΡΟΣΩΠΟ | |
| Personal name | Βορριά Παναγιώτα |
| 9 (RLIN) | 3058 |
| 700 1# - ΠΡΟΣΘΕΤΗ ΑΝΑΓΡΑΦΗ--ΦΥΣΙΚΟ ΠΡΟΣΩΠΟ | |
| Personal name | Παπαληγούρα Ζαϊρα |
| 9 (RLIN) | 3059 |
| 942 ## - ADDED ENTRY ELEMENTS (KOHA) | |
| Koha item type | Books |
| Τύπος τεκμηρίου | Βιβλιοθήκη | Τρέχουσα τοποθεσία | Barcode | Αριθμός εισαγωγής | Ημερομηνία απόκτησης | Ταξιθετικό σύμβολο | Αριθμός αντιτύπου | Κατάσταση απόσυρσης | Κατάσταση χαμένου | Κατάσταση κατεστραμμένου | Μη δανεισμός | Σύνολο δανεισμών | Ημερομηνία τελευταίας εμφάνισης | Η τιμή ισχύει από |
|---|---|---|---|---|---|---|---|---|---|---|---|---|---|---|
| Books | MC Athens Campus Library | MC Athens Campus Library | 9780000024015 | 6099 | 05/06/2025 | REF 305.231 COL V.A | 2 | 05/06/2025 | 05/06/2025 |